POROVNANIE výživovej situácie v socialistických štátoch

Bibliographic Details
Main Author: Ceizel, Pavol (Author)
Format: Article
Language:Slovak

MARC

LEADER 00000nab a2200000 a 4500
001 vtls011730170
003 SK-MaSNL
005 20260303112444.0
008 230121|1967 xo |||||||||||||||||slo
015 |a SNBRB 
035 |a (urnnbn)urn:nbn:sk:snk:ar-a05wgj 
035 |a urn:nbn:sk:snk-abf856 
035 |a (uuid)5231bb5c-4b2c-43a3-972d-fdaa717fabcd 
040 |a SNKBUCL  |b slo  |c SNKBUCL  |e AACR2 
041 0 |a slo 
044 |a xo  |c SK 
100 1 |a Ceizel, Pavol  |4 aut  |9 225139 
245 1 0 |a POROVNANIE výživovej situácie v socialistických štátoch  |c Pavol Ceizel 
773 0 |t Výživa a zdravie : časopis pre výživu a zdravý životný štýl  |g Roč. 12, č. 6 (1967), s. 126-127 
954 |a odborná, vedecká literatúra pôvodná (slovenská)  |2 lita 
958 |a OND 
958 |a EUIPO 
958 |a article24 
999 |c 1884613  |d 1886543